000
00332 a2200145 4500
001
181535
020
_a
040
_c
Magnum
100
_a
Oliveira, J. Lourenco de
240
1
0
_a
Conceitos de linguistica fabular
_l
por
245
1
0
_a
Conceitos de linguistica fabular
362
0
_a
1899
697
_a
MAGNITO: GERAL
942
_c
BK
999
_c
181535
_d
181535